000 00292nam a2200121Ia 4500
008 241002s9999 xx 000 0 und d
082 _a923.1 ARM
100 _aArmstrong, H.C
245 0 _aGray Wolf The Life of Komal Ataturk
260 _aNew York:
_c1961
600 _aHistory
942 _cUC
999 _c18491
_d18491